000 01969cam a22004697a 4500
003 CHAP
005 20220817042935.0
008 971013s1968 sp a r 00010 spa d
010 _a60619
011 _a61591
020 _a8403201249
035 _a65757
040 _cCHAP
082 0 4 _a631.4
_bR88 1968
100 0 0 _aRussell, Edward John.
_9100955
245 1 4 _aLas condiciones del suelo y el crecimiento de las plantas
_c/por Edward John Russell y E. Walter Russell
250 _a4 ed.
260 _aMadrid :
_bAguilar,
_c1968
300 _a801 p. :
_bilus.
490 0 _aColección ciencia y técnica
500 _aTrad. de la 9a. edición en inglés de 1961.
534 _pTít. original :
_tSoil conditions and plant growth.
_cLondres : Longmans Green, 1961,
_b9 ed.
590 _aBATCH-UPD
_b10
_c20130110
_lUCH01
_h0727
590 _aBATCH-UPD
_b10
_c20130410
_lUCH01
_h0411
590 _aBATCH-UPD
_b10
_c20130914
_lUCH01
_h1831
590 _aCONVERSION
_b10
_c20130109
_lUCH01
_h1333
650 1 4 _aPlantas
_xCrecimiento
_xAditivos.
_988804
650 1 4 _aSuelos.
_9110191
700 0 _aRussell, E. Walter.
830 0 _aColección ciencia y técnica
_924736
901 _aBK
942 _cLIBRO
949 _a631.4 R88 1968
_bBC
_cLIBRO
_d-148981
_eLIBRO
_h49097
_i65757
_si
949 _a631.4 R88 1968
_bBC
_cLIBRO
_d-148983
_eLIBRO
_fc.3
_h49228
_i65757
_si
949 _a631.4 R88 1968
_bBC
_cLIBRO
_d-148984
_eLIBRO
_fc.4
_h49229
_i65757
_si
949 _a631.4 R88 1968
_bBC
_cLIBRO
_d-148985
_eLIBRO
_fc.5
_h59230
_i65757
_si
949 _a631.4 R88 1968
_bBC
_cLIBRO
_d33724000942256
_eLIBRO
_fc.2
_h49147
_i65757
_si
949 _a631.4 R88 1968
_bBC
_cLIBRO
_d33724002037991
_eLIBRO
_fc.6
_h49231
_i65757
_si
949 _a631.4 R88 1968
_bBC
_cLIBRO
_d33724002053561
_eLIBRO
_fc.7
_h77010
_i65757
_si
949 _a631.4 R88 1968
_bBC
_cLIBRO
_d33724002248504
_eLIBRO
_fc.8
_gDonaciØn
_h115010
_i65757
_so
949 _a631.4 R88 1968
_bBC
_cLIBRO
_d33724002325842
_eLIBRO
_fc.9
_h116326
_i65757
_so
999 _c60619
_d60619